Ekologické daně v zemích OECD

Možnosť využívania daní ako súčasti integrovanej politiky ochrany životného prostredia v krajinách OECD. Ekologické poplatky: dane z CO2, dane na pohonné hmoty, dane za motorové vozidlá atď.

Enregistré dans:
Détails bibliographiques
Auteur principal: Tichá, M.
Format: Chapitre de livre
Langue:tchèque
Sujets:
Tags: Ajouter un tag
Pas de tags, Soyez le premier à ajouter un tag!

MARC

LEADER 00000naa a2200000 4500
001 r017060
005 20221205090222.7
041 0 |a cze 
044 |a CZ 
245 1 0 |a Ekologické daně v zemích OECD  |c M. Tichá 
520 |a Možnosť využívania daní ako súčasti integrovanej politiky ochrany životného prostredia v krajinách OECD. Ekologické poplatky: dane z CO2, dane na pohonné hmoty, dane za motorové vozidlá atď. 
610 2 0 |a dane ekologické 
610 2 0 |a ochrana prostredia životného 
610 2 0 |a OECD 
610 2 0 |a ekológia 
610 2 0 |a poplatky 
100 1 |a Tichá, M.